|
|
|
|
| LEADER |
00000nab a2200000uu 4500 |
| 001 |
vtls011454998 |
| 003 |
SK-MaSNL |
| 005 |
20260303113037.0 |
| 008 |
230121|1974 xo |||||||||||||||||cze| |
| 015 |
|
|
|a SNBRB
|
| 035 |
|
|
|a (urnnbn)urn:nbn:sk:snk:ar-008lf6
|
| 035 |
|
|
|a (uuid)fcbfc7a7-165f-411a-830e-176af14c0a8d
|
| 035 |
|
|
|a urn:nbn:sk:snk-abcq59
|
| 040 |
|
|
|a SNKBUCL
|b slo
|c SNKBUCL
|e AACR2
|
| 041 |
0 |
|
|a cze
|
| 044 |
|
|
|a xo
|c SK
|
| 100 |
1 |
|
|a Baier, Jan
|4 aut
|9 568128
|
| 245 |
1 |
0 |
|a Progresivní soustava hnojení v praxi
|c Jan Baier
|
| 773 |
0 |
|
|t Agrochémia : časopis pre chemizáciu poľnohospodárstva
|g Roč. 14, č. 5 (1974), s. 131-134
|
| 954 |
|
|
|a odborná, vedecká literatúra cudzojazyčná (svetová)
|2 lita
|
| 958 |
|
|
|a OND
|
| 958 |
|
|
|a EUIPO
|
| 958 |
|
|
|a article16
|
| 999 |
|
|
|c 1889774
|d 1891704
|